ბათუმის შოთა რუსთაველის სახელმწიფო უნივერსიტეტის ბიბლიოთეკა

ფსიქოლოგიის პრაქტიკუმი (ბიბ.ჩანაწერი № 34523)

000 -ლიდერი
ფიქსირებული სიგრძის საკონტროლო ველი 01332nam a2200253Ia 4500
001 - საკონტროლო ნომერი
საკონტროლო ველი 273
003 - საკონტროლო ნომრის იდენტიფიკატორი
საკონტროლო ველი GE_BSU
005 - ბოლო ოპერაციის თარიღი და დრო
საკონტროლო ველი 20221018120118.0
008 - ფიქსირებული სიგრძის მონაცემთა ელემენტები - ზოგადი ინფორმაცია
ფიქსირებული სიგრძის საკონტროლო ველი 181216s1975||||ge |||||||||||||| ||geo||
040 ## - კატალოგიზაციის წყარო
Transcribing agency GE_BSU
041 ## - ენის კოდი
Language code of text/sound track or separate title geo
080 ## - უნივერსალური ათობითი კლასიფიკაციის ინდექსი
Universal Decimal Classification number 159.9(075.8)
100 ## - მთავარი ჩანაწერი - პიროვნების სახელი
Personal name ახობაძე, რ.
9 (RLIN) 15351
245 ## - ცნობა სათაურის შესახებ
Title ფსიქოლოგიის პრაქტიკუმი
Remainder of title დამხმარე სახელმძღვანელო სტუდენტებისათვის /
Statement of responsibility, etc ავტორები: რ. ახობაძე, გ. კეჩხუაშვილი, ჯ. ჯვავილაშვილი; რედაქტორი:რ. ნათაძე.
264 ## - წარმოების, გამოცემის, დისტრიბუციის და სხვა ცნობები
გამოცემის, წარმოების, დისტრიბუციის... ადგილი თბილისი :
გამოცემის, წარმოების, დისტრიბუციის... სახელწოდება თბილისის უნ-ტის გამ-ბა,
გამოცემის, წარმოების, დისტრიბუციის... თარიღი 1975.
300 ## - ფიზიკური აღწერა
Extent 268 გვ.;
Other physical details ფოტოები, ნახატები, ცხრილები.
Dimensions 22 სმ.
653 ## - INDEX TERM--UNCONTROLLED
Uncontrolled term ფსიქოლოგია
653 ## - INDEX TERM--UNCONTROLLED
Uncontrolled term ფსიქოლოგიის პრაქტიკუმი
700 ## - ADDED ENTRY--PERSONAL NAME
Personal name კეჩხუაშვილი, გ.
Relator term ავტორი
9 (RLIN) 15352
700 ## - ADDED ENTRY--PERSONAL NAME
Personal name ყვავილაშვილი, ჯ.
Relator term ავტორი
9 (RLIN) 15353
700 ## - ADDED ENTRY--PERSONAL NAME
Personal name ნათაძე, რ.
Relator term რედაქტორი
9 (RLIN) 5286
942 ## - ADDED ENTRY ELEMENTS (KOHA)
Koha item type წიგნი
Source of classification or shelving scheme
ეგზემპლარები
ჩამოწერის სტატუსი დაკარგული ეგზემპლარის სტატუსი კლასიფიკაციის წყარო ან თაროზე გაწყობის სქემა დაზიანების სტატუსი არ გაიცემა მუდმივი მდებარეობა (დაცვის ადგილი) ამჟამინდელი ადგილსამყოფელი თაროზე განთავსების ადგილი შეძენის თარიღი ღირებულება, შესყიდვის ნორმალური ფასი სრული შენახვის შიფრი შტრიხკოდი ბოლო ოპერაციის თარიღი ეგზემპლარის მიმდევრობითი ნომერი (კეტერი?) ფასის ძალაში შესვლის თარიღი ეგზემპლარის სახეობა საჯარო შენიშვნა
          ბათუმის შოთა რუსთაველის სახელმწიფო უნივერსიტეტის მთავარი ბიბლიოთეკა ბათუმის შოთა რუსთაველის სახელმწიფო უნივერსიტეტის მთავარი ბიბლიოთეკა წიგნსაცავი 2018-12-17 8.00 159.9(075.8) 1170 2018-12-17 1170 2018-12-17 წიგნი 8 ლ.
          ბათუმის შოთა რუსთაველის სახელმწიფო უნივერსიტეტის მთავარი ბიბლიოთეკა ბათუმის შოთა რუსთაველის სახელმწიფო უნივერსიტეტის მთავარი ბიბლიოთეკა წიგნსაცავი 2022-10-18 2.06 159.9(075.8) ა 993 28716 2022-10-18 28716 2022-10-18 წიგნი 2 ლ. 06 თ.